| 000 | 00467nam a22001697a 4500 | ||
|---|---|---|---|
| 003 | CEME | ||
| 005 | 20210628205248.0 | ||
| 008 | 210224b xxu||||| |||| 00| 0 eng d | ||
| 040 | _c. | ||
| 082 | _a297.63 QUR'R | ||
| 100 |
_aQurashi, Muhammad Siddiq _974643 |
||
| 245 | _aRasool-a-akram key siasat-a-kharja | ||
| 260 |
_aLAHORE _bGHULAM ALI & SONS _c1987 |
||
| 300 | _a452P | ||
| 650 |
_aISLAM-BIOGRAPHY-PROPHET MUHAMMAD PEACE BE UPON HIM _9876 |
||
| 942 |
_cBK _2ddc |
||
| 999 |
_c580155 _d580155 |
||